书目信息 |
| 题名: |
概率论与数理统计
|
|
| 作者: | 杨筱菡 , 王勇智 编著 | |
| 分册: | ||
| 出版信息: | 北京 人民邮电出版社 2022.08 |
|
| 页数: | 260页 | |
| 开本: | 26cm | |
| 丛书名: | 名师名校新形态大学数学精品系列 | |
| 单 册: | ||
| 中图分类: | O21 | |
| 科图分类: | ||
| 主题词: | 概率论 , 数理统计 | |
| 电子资源: | ||
| ISBN: | 978-7-115-59410-5 | |
| 000 | 01037nam0 2200289 450 | |
| 001 | 2552636380 | |
| 005 | 20250303144058.09 | |
| 010 | @a978-7-115-59410-5@dCNY49.80 | |
| 100 | @a20250303d2022 km y0chiy0120 ea | |
| 101 | 0 | @achi |
| 102 | @aCN@b110000 | |
| 200 | 1 | @a概率论与数理统计@AGai Lu Lun Yu Shu Li Tong Ji@e微课版@f杨筱菡, 王勇智编著@FYang Xiao Han,Wang Yong Zhi Bian Zhu |
| 205 | @a2版 | |
| 210 | @a北京@c人民邮电出版社@d2022.08 | |
| 215 | @a260页@d26cm | |
| 225 | 2 | @a名师名校新形态大学数学精品系列 |
| 300 | @a本书共分八章, 包括随机事件与概率、随机变量及其分布、多维随机变量及其分布、随机变量的数字特征、大数定律及中心极限定理、统计量和抽样分布、参数估计和假设检验。 | |
| 410 | 0 | @12001 @a名师名校新形态大学数学精品系列 |
| 510 | 1 | @a= Probability and statistics |
| 517 | 1 | @a微课版@AWei Ke Ban |
| 606 | 0 | @a概率论 |
| 606 | 0 | @a数理统计 |
| 690 | @aO21@v4 | |
| 701 | 0 | @a杨筱菡@AYang Xiao Han@4编著 |
| 701 | 0 | @a王勇智@AWang Yong Zhi@4编著 |
| 801 | 0 | @aCN@b河南城建学院图书馆@c20250303 |
| 905 | @dO21@eY302=2 | |
| 概率论与数理统计:微课版/杨筱菡, 王勇智编著.-2版.-北京:人民邮电出版社,2022.08 |
| 260页;26cm.-(名师名校新形态大学数学精品系列) |
| 本书共分八章, 包括随机事件与概率、随机变量及其分布、多维随机变量及其分布、随机变量的数字特征、大数定律及中心极限定理、统计量和抽样分布、参数估计和假设检验。 |
| ISBN 978-7-115-59410-5:CNY49.80 |
| ● |
| 相关链接 |
|
|
|
正题名:概率论与数理统计
索取号:O21/Y302=2
 
预约/预借
| 序号 | 登录号 | 条形码 | 馆藏地/架位号 | 状态 | 备注 |
| 1 | 1554468 | 215544686 | 自科库401/401自科库 46排7列4层/ [索取号:O21/Y302=2] | 在馆 | |
| 2 | 1554485 | 215544855 | 自科库401/401自科库 46排7列4层/ [索取号:O21/Y302=2] | 在馆 | |
| 3 | 1554490 | 215544908 | 自科库401/401自科库 46排7列4层/ [索取号:O21/Y302=2] | 在馆 |